Normal view
MARC view
- Machado, Jeanne M
Entry Personal Name
001 - CONTROL NUMBER
- control field: 6546
003 - CONTROL NUMBER IDENTIFIER
- control field: OSt
005 - DATE AND TIME OF LATEST TRANSACTION
- control field: 20101223170116.0
008 - FIXED-LENGTH DATA ELEMENTS
- fixed length control field: 101223|||a|||||| | ||| d
040 ## - CATALOGING SOURCE
- Original cataloging agency: OSt
- Transcribing agency: OSt
100 ## - HEADING--PERSONAL NAME
- Personal name: Machado, Jeanne M
670 ## - SOURCE DATA FOUND
- Source citation: Work cat.: (OSt): Machado, Jeanne M, Early childhood, experiences in language arts, 1980
670 ## - SOURCE DATA FOUND
- Source citation: Work cat.: (OSt): Machado, Jeanne M, Early childhood, experiences in language arts, 1980
